书目信息 |
| 题名: |
玩具总动员
|
|
| 作者: | ;张曦元 编译 ;美国迪士尼公司 著 | |
| 分册: | 4 | |
| 出版信息: | 北京 石油工业出版社 2019.09 |
|
| 页数: | 192页 | |
| 开本: | 22cm | |
| 丛书名: | 迪士尼原声电影故事·英语听读 | |
| 单 册: | ||
| 中图分类: | H319.4:I712.85 | |
| 科图分类: | ||
| 主题词: | 儿童故事--er tong gu shi--美国--现代--英语--汉语--对照读物 | |
| 电子资源: | ||
| ISBN: | 978-7-5183-3410-0 | |
| 000 | 01178nam 2200289 450 | |
| 001 | 0100015573 | |
| 005 | 20200929160438.0 | |
| 010 | @a978-7-5183-3410-0@dCNY29.00 | |
| 100 | @a20200807d2019 cemy0chiy50 ea | |
| 101 | 1 | @achi@aeng@ceng |
| 102 | @aCN@b110000 | |
| 105 | @aa z 000fy | |
| 106 | @ar | |
| 200 | 1 | @a玩具总动员@Awan ju zong dong yuan@h4@d= Toy story@h4@f美国迪士尼公司著@g张曦元编译@zeng |
| 210 | @a北京@c石油工业出版社@d2019.09 | |
| 215 | @a192页@c彩图@d22cm | |
| 225 | 2 | @a迪士尼原声电影故事·英语听读@Adi shi ni yuan shen dian ying gu shi ying yu ting du |
| 300 | @a英文原版 | |
| 330 | @a本书在《玩具总动员4》原版大电影故事的基础上, 加入了本章内容提示、单词注释、长难句翻译及听原版故事, 做练习四板块内容, 同时配有美国配音演员原版音频, 可供读者提升阅读水平的同时进行听力练习。 | |
| 410 | 0 | @12001 @a迪士尼原声电影故事·英语听读 |
| 500 | 10 | @aToy story@h4@mChinese |
| 606 | 0 | @a儿童故事@Aer tong gu shi@y美国@z现代@x英语@x汉语@j对照读物 |
| 690 | @aH319.4:I712.85@v5 | |
| 702 | 0 | @a张曦元@Azhang xi yuan@4编译 |
| 711 | 02 | @a美国迪士尼公司@Amei guo di shi ni gong si@4著 |
| 801 | 0 | @aCN@c20200807 |
| 905 | @a河南城建学院图书馆@dH319.4@f3@eM535 | |
| 玩具总动员.4= Toy story.4/美国迪士尼公司著/张曦元编译.-北京:石油工业出版社,2019.09 |
| 192页:彩图;22cm.-(迪士尼原声电影故事·英语听读) |
| 英文原版 |
| ISBN 978-7-5183-3410-0:CNY29.00 |
| 本书在《玩具总动员4》原版大电影故事的基础上, 加入了本章内容提示、单词注释、长难句翻译及听原版故事, 做练习四板块内容, 同时配有美国配音演员原版音频, 可供读者提升阅读水平的同时进行听力练习。 |
| ● |
| 相关链接 |
|
|
|
正题名:玩具总动员
索取号:H319.4/M535
 
预约/预借
| 序号 | 登录号 | 条形码 | 馆藏地/架位号 | 状态 | 备注 |
| 1 | 1491962 | 214919622 | 语言库209/209语言库 47排3列4层/ [索取号:H319.4/M535] | 在馆 | |
| 2 | 1491963 | 214919631 | 语言库209/209语言库 47排1列4层/ [索取号:H319.4/M535] | 在馆 | |
| 3 | 1491964 | 214919640 | 社科二线400B/209语言库 47排1列4层/ [索取号:H319.4/M535] | 在馆 |